000 00661nam a2200229Ia 4500
003 OSt
005 20220923230754.0
006 a|||||r|||| 00| 0
007 ta
008 Pun
024 _a305,450
037 _cTextual
040 _aARTS
_cARTS
_bPun
041 _2Pun
_aPun
082 _aQ8441:21xI69:g, 153M2
100 _aਗਿੱਲ, ਨਿਰਮਲ ਸਿੰਘ
_9156315
245 0 _aਗੁਰੂ ਨਾਨਕ ਬਾਣੀ ਵਿਚ ਮੁਕਤੀ ਮਾਰਗ
260 _c1982
650 _aਧਰਮ
942 _hQ8441:21xI69:g, 153M2
_cTEXL
_2CC
999 _c387242
_d387242